000 01217cam a2200289 4500
008 011015n2003 000 0 eng u
020 _a0421740604
035 _a(Sirsi) u115115
041 _aeng
050 _a306.026
_c18
100 _aBaker, Christopher
245 _aHousing law
_bpleadings in practice
250 _a2nd ed.
260 _aLondon
_bSweet & Maxwell
_c2003
300 _axxxi, 521p.
_c25cm.
350 _a60
520 _aThis text provides a practical, accessible toolkit for those involved in housing law court-based litigation. Reflects the numerous developments in housing law, including the Housing Act 1996, the Human Rights Act 1998 and the Homelessness Act 2002. Sections on homelessness and allocations; disrepair and statutory nuisance; rent and service charges; legal remedies for anti-social behaviour; unlawful eviction and harassment; possession proceedings; and rights of acquisition and succession. Tables of cases and statutes.
650 _aHOMELESSNESS
650 _aRENTCHARGES
650 _aDISREPAIR
650 _aEVICTION
650 _aMORTGAGE POSSESSIONS
690 _aHOUSING
700 _aManning, Jonathan
700 _aShepherd, Jim
942 _n0
999 _c101707
_d101707